000 005140000a22001810004500
003 MACL
005 20160225171138.0
008 160225b xxu||||| |||| 00| 0 eng d
040 _aMACL
_cMACL
041 _aHindi
082 _a800
100 _aशिवनाथ बच्‍चन सिंह
_940532
245 _aभारतेन्‍दु की कविता
260 _bयुगाश्रय
_aबनारस
350 _a2.50
650 _aLiteracture
_939932
942 _cHIN
_k800
_2ddc
999 _c24828
_d24828